000 00521nam a2200181Ia 4500
001 24766
005 20260414151105.0
008 260414t2018||||xx |||||||||||||| ||spa||
041 _aESP
082 _a345.733
_bG312 T. 1
110 _aGaceta Jurídica
245 0 _aLa práctica notarial y registral Tomo 1 :
_bmodelos de documentos que se presentan ante el notario o los registros públicos
260 _c2018
300 _a286 páginas :
_c25 cm.
650 _aDER
654 _aCDE
942 _cLIB
_dJUS
_fJUS
_2ddc
_n
999 _c24766
_d24766